| 000 | 00345nam a22001337a 4500 | ||
|---|---|---|---|
| 003 | OSt | ||
| 005 | 20231128133755.0 | ||
| 008 | 231127b |||||||| |||| 00| 0 eng d | ||
| 040 | _cCO-JMCR | ||
| 082 |
_aC / _bMARr |
||
| 100 |
_aMariño Ricardo _eautor _942912 |
||
| 245 |
_aHistoria de flechazo y la nube / _cRicardo Mariño |
||
| 942 |
_2ddc _cBK |
||
| 999 |
_c30348 _d16732 |
||